Totální elektronizace peněz

Elektronizácia peňazí. Pojem elektronické bankovky. Zamedzenie podvodnému jednaniu s elektronickými bankovkami. Oslabenie nezávislosti elektronických bankoviek z dôvodu nutnej kontroly tretím subjektom. Oslabenie anonymity pri platení elektronickou bankovkou.

Salvato in:
Dettagli Bibliografici
Autore principale: Šlapák, Ondřej
Natura: Capitolo di libro
Lingua:ceco
Soggetti:
Tags: Aggiungi Tag
Nessun Tag, puoi essere il primo ad aggiungerne!!

MARC

LEADER 00000naa a2200000 4500
001 r049520
005 20231004073454.4
041 0 |a cze 
044 |a CZ 
245 1 0 |a Totální elektronizace peněz  |c Ondřej Šlapák 
520 |a Elektronizácia peňazí. Pojem elektronické bankovky. Zamedzenie podvodnému jednaniu s elektronickými bankovkami. Oslabenie nezávislosti elektronických bankoviek z dôvodu nutnej kontroly tretím subjektom. Oslabenie anonymity pri platení elektronickou bankovkou. 
610 2 0 |a peniaze elektronické 
610 2 0 |a zásoba peňažná 
610 2 0 |a pojmy 
610 2 0 |a podvody bankové 
610 2 0 |a falzifikáty 
100 1 |a Šlapák, Ondřej